| 000 | 00984nam a2200253 i 4500 | ||
|---|---|---|---|
| 001 | 59283 | ||
| 003 | ES-MaACL | ||
| 005 | 20250814011831.0 | ||
| 007 | t| | ||
| 008 | 031028s1931 sp ||||1| spa d | ||
| 100 | 1 |
_aEikenberry, William Lewis. _946829 |
|
| 245 | 1 | 0 |
_aBiología pedagógica / _cW.L. Eikenberry y R.A. Waldron ; traducción del inglés por Antonio de Zulueta. |
| 260 |
_aMadrid : _bPublicaciones de la Revista de Pedagogía, _c1931 ( _fTip. Nacional) |
||
| 300 |
_a168 p. ; _c24 cm. |
||
| 490 | 1 |
_aBiblioteca pedagógica ; _v6 |
|
| 504 | _aBibliografía: p. 167. | ||
| 505 | 8 | _aContiene: Parte primera. Adaptación al medio . Parte segunda. El mecanismo de la reacción . Parte tercera. Herencia y evolución de los organismos | |
| 650 | 7 |
_aBiología _2embne _910580 |
|
| 700 | 1 |
_aWaldron, R. A. _9115904 |
|
| 700 | 1 |
_aZulueta, Antonio de. _9118471 |
|
| 830 | 1 |
_aBiblioteca pedagógica ; _v6 _9182673 |
|
| 852 | 4 |
_aES-MaACL _jB-13071 |
|
| 999 |
_c59283 _d59283 |
||